The life of that most illustrious prince, Charles V. Late Duke of Lorrain and Bar, generalissimo of the imperial armies. /

Bibliographic Details
Main Author: Labrune, Jean de
Format: eBook
Language:English
Published: [London] : Printed by Edw. Jones; and published by Randal Taylor near Stationers-Hall., M.DC.XCI. [1691]
Series:Early English books online.
Subjects:
Online Access:Connect to the full text of this electronic book

MARC

Tag First Indicator Second Indicator Subfields
LEADER 00000nam a2200000 4500
001 in00004188564
005 20200806083749.0
006 m g d
007 cr bn |||a|bb|
008 850612s1691 enk o 00 eng d
035 |a (OCoLC)12147489 
035 |a (UnM)99891070 
037 |a CL2105000002  |b ProQuest Information and Learning. 300 N. Zeeb Rd., Ann Arbor, MI 48106 
040 |a Cu-RivES  |c Cu-RivES  |d CStRLIN  |d Cu-RivES  |e dcrb 
100 1 |a Labrune, Jean de. 
240 1 0 |a Vie de Charles V, duc de Lorraine et de Bar et généralissime des troupes imperiales.  |l English 
245 1 4 |a The life of that most illustrious prince, Charles V. Late Duke of Lorrain and Bar, generalissimo of the imperial armies. /  |c Rendred into English from the copy lately printed at Vienna, written by a person of quality, and a great officer in the imperial army. 
260 |a [London] :  |b Printed by Edw. Jones; and published by Randal Taylor near Stationers-Hall.,  |c M.DC.XCI. [1691] 
300 |a 1 online resource ([1]+ pages) 
336 |a text  |b txt  |2 rdacontent 
337 |a computer  |b c  |2 rdamedia 
338 |a online resource  |b cr  |2 rdacarrier 
500 |a Translation of: Labrune, Jean de. La vie de Charles V, duc de Lorraine et de Bar et généralissime des troupes imperiales. 
500 |a Place of publication from Wing. 
500 |a Fragment: title page only. 
500 |a Reproduction of original in the British Library. 
510 4 |a Wing (CD-ROM, 1996)  |c L103 
510 4 |a Early English books tract supplement interim guide  |c Harl.5986[160] 
533 |a Electronic reproduction.  |b Ann Arbor, Mich. :  |c UMI,  |d 1999-  |f (Early English books online)  |n Digital version of: (Early English books, Tract supplement ; E3:3[157])  |7 s1999 miun s 
600 0 0 |a Charles,  |c Duke of Lorraine,  |d 1643-1690  |v Early works to 1800. 
830 0 |a Early English books online. 
856 4 0 |u http://proxy.library.tamu.edu/login?url=https://search.proquest.com/docview/2240909717  |z Connect to the full text of this electronic book  |t 0 
999 f f |s d1b7dd92-76dd-3076-919a-d5d6b8021f11  |i a9cfb964-d092-3974-8fd2-b8118eb06ac4  |t 0 
952 f f |a Texas A&M University  |b College Station  |c Electronic Resources  |d Available Online  |t 0  |h No information provided 
998 f f |t 0  |l Available Online